000 00622nam a2200205 a 4500
001 14859
003 CO-ViMGA
008 141112s2004 ck r 000 u spa d
020 _a9588159326
040 _aCO-ViMGA
_bspa
_cCO-ViMGA
082 0 4 _a986.115 C653e
100 1 _aConde Calderon, Jorge
_921578
245 1 0 _aEnsayos historicos sobre el departamento del Atlantico
260 _aBtá,
_cMinisterio de cultura,
_c2002
300 _a96.p.
490 _aPremios departamentales de Cultura
650 1 4 _aATLANTICO - COLOMBIA - HISTORIA
_921579
650 1 4 _aETNOLOGIA - INDIOS DEL ATLANTICO
_921580
942 _2ddc
_cBK
999 _c25341
_d25341